Knocking Off a 'Lie Detector' Quiz Stats

Quiz Updated Jan 20, 2016

Challenge
Share
Tweet
Embed
Score 0/30 Timer 06:00
17 Plays Today
% Correct
Pie detector
92.8%
Sky detector
88.3%
Dye detector
87.8%
Spy detector
87.4%
Cry detector
86.5%
Bye detector
85.6%
McFly detector
84%
Thai detector
83.7%
Sigh detector
83.4%
Rye detector
80.9%
Why detector
78.3%
Sly detector
77.1%
Try detector
76.6%
Nigh detector
74.1%
Shy detector
74.1%
% Correct
Tie detector
73.6%
Aye detector
72.3%
Ty detector
70.6%
Fly detector
68.5%
Sty detector
68.1%
Eye detector
67%
Pi detector
66%
Fry detector
60.3%
My detector
54%
High detector
46.5%
Bligh detector
45.7%
Die detector
44.3%
Ply detector
44.1%
Thigh detector
33.7%
I detector
29.8%

You're not logged in!

Compare scores with friends on all Sporcle quizzes.
Sign Up with Email
OR
Log In

You Might Also Like...

Show Comments

Extras

Top Quizzes Today


Score Distribution

Your Account Isn't Verified!

In order to create a playlist on Sporcle, you need to verify the email address you used during registration. Go to your Sporcle Settings to finish the process.